| 000 | 00612 a2200241 4500 | ||
|---|---|---|---|
| 001 | 065990 | ||
| 003 | OSt | ||
| 005 | 20251211104420.0 | ||
| 008 | |||
| 020 | _a9780070605022 | ||
| 082 |
_a512.5 _bL66T |
||
| 100 | 1 | _aSeymour, Lipschutz | |
| 245 | 1 |
_aLinear algebra _cBy Lipschutz Seymour And M.l. Lipson |
|
| 250 | _a3rd ed. | ||
| 260 |
_aNew Delhi _bMcGraw Hill _c2010 |
||
| 300 | _a424p. | ||
| 490 | _aSchaum's outline series | ||
| 500 | _aEnglish | ||
| 630 | _aMathematics | ||
| 690 | _aAlgebras, Linear; Mathematics | ||
| 700 | _aLipson, M.L. | ||
| 942 |
_2ddc _cBK |
||
| 999 |
_c200 _d200 |
||